000 005380000a22001690004500
041 0 _aSPA
082 0 4 _aG 261 M8253f
100 1 _aMoorehead, Bob
245 1 0 _aFactores del crecimiento en la iglesia : Visión, Evangelismo, Madurez, Liderazgo, Adoración, Predicación, Dar, Misiones, Nacimiento, Acción / Bob Moorehead
260 _aBogotá, Colombia : Acción
300 _a146 Pag
001 6738
942 _cBK
999 _c37004
_d37004
336 _atexto
_btxt
_2rdacontent
337 _2rdamedia
_asin mediación
_bn
338 _2rdacarrier
_avolumen
_bnc